[Event "Wiesbaden op 24th"]
[Site "Wiesbaden"]
[Date "2012.08.23"]
[Round "1"]
[White "Brandt, Michael"]
[Black "Sarkoezy, Benjamin"]
[Result "0-1"]
[WhiteElo "1726"]
[BlackElo "2075"]
[PlyCount "44"]
[EventDate "2012.08.23"]
[EventType "swiss"]
[EventRounds "7"]
[EventCountry "GER"]
[SourceTitle "CBM 150 Extra"]
[Source "ChessBase"]
[SourceDate "2012.10.19"]
[SourceVersion "1"]
[SourceVersionDate "2012.10.19"]
[SourceQuality "1"]

1. f4 d6 2. Nf3 Bg4 3. e4 Nf6 4. Nc3 d5 5. exd5 Nxd5 6. Nxd5 Qxd5 7. Be2 Nc6 8. c3 0-0-0 9. d4 f6 10. Be3 e5 11. dxe5 Qe4 12. Qc1 fxe5 13. Kf2 exf4 14. Bxf4 Bc5+ 15. Be3 Rhe8 16. Bxc5 Qxe2+ 17. Kg3 Bxf3 18. gxf3 Qe5+ 19. Qf4 Qxc5 20. Rhe1 g5 21. Qf7 Qd6+ 22. Kg2 Qd2+ 0-1

[Event "Hessenliga 1112"]
[Site "Germany"]
[Date "2012.05.13"]
[Round "9.5"]
[White "Sarkoezy, Benjamin"]
[Black "Kierzek, Matthias"]
[Result "0-1"]
[WhiteElo "1944"]
[BlackElo "2149"]
[PlyCount "52"]
[EventDate "2011.09.25"]
[EventType "team-tourn"]
[EventRounds "9"]
[EventCountry "GER"]
[SourceTitle "EXT 2013"]
[Source "ChessBase"]
[SourceDate "2012.11.22"]
[SourceVersion "1"]
[SourceVersionDate "2012.11.22"]
[SourceQuality "1"]
[WhiteTeam "Dettingen"]
[BlackTeam "Fulda"]
[WhiteTeamCountry "GER"]
[BlackTeamCountry "GER"]

1. d4 d5 2. Bg5 f6 3. Bf4 c5 4. e3 Nc6 5. Nf3 Bf5 6. c3 g5 7. Bg3 h5 8. h3 e6 9. Qb3 Rh7 10. c4 cxd4 11. cxd5 Bb4+ 12. Nbd2 dxe3 13. fxe3 Qxd5 14. Bc4 Bxd2+ 15. Nxd2 Qxg2 16. 0-0-0 Qxg3 17. Bxe6 Bxe6 18. Qxe6+ Kf8 19. Rhf1 Qe5 20. Qb3 Rc8 21. Kb1 Rd7 22. Nc4 Qe4+ 23. Ka1 Rcd8 24. Rc1 Kg7 25. h4 Qd3 26. Qa4 b5 0-1

[Event "Hessenliga 1112"]
[Site "Germany"]
[Date "2012.04.29"]
[Round "8.5"]
[White "Prenzler, Daniel"]
[Black "Sarkoezy, Benjamin"]
[Result "0-1"]
[WhiteElo "2203"]
[BlackElo "1944"]
[PlyCount "60"]
[EventDate "2011.09.25"]
[EventType "team-tourn"]
[EventRounds "9"]
[EventCountry "GER"]
[SourceTitle "EXT 2013"]
[Source "ChessBase"]
[SourceDate "2012.11.22"]
[SourceVersion "1"]
[SourceVersionDate "2012.11.22"]
[SourceQuality "1"]
[WhiteTeam "Nied"]
[BlackTeam "Dettingen"]
[WhiteTeamCountry "GER"]
[BlackTeamCountry "GER"]

1. d4 Nf6 2. Nf3 c5 3. d5 b5 4. c4 b4 5. Qc2 d6 6. e4 g6 7. Bd3 Bg7 8. 0-0 0-0 9. Re1 Nbd7 10. a3 Ng4 11. Nbd2 e6 12. h3 Nge5 13. Nxe5 Nxe5 14. f4 Qh4 15. Rf1 Nxd3 16. Qxd3 exd5 17. cxd5 f5 18. axb4 cxb4 19. Nf3 fxe4 20. Qxe4 Qg3 21. Ng5 Bf5 22. Qxb4 Qd3 23. Rf3 Qd1+ 24. Kh2 Rac8 25. Qb3 Rc2 26. Ne6 Qe2 27. Rg3 Be4 28. Nxf8 Qxg2+ 29. Rxg2 Rxg2+ 30. Kh1 Rxb2+ 0-1

[Event "Hessenliga 1112"]
[Site "Germany"]
[Date "2012.02.12"]
[Round "6.5"]
[White "Sarkoezy, Benjamin"]
[Black "Seidel, Juergen"]
[Result "0-1"]
[WhiteElo "1944"]
[BlackElo "2033"]
[PlyCount "92"]
[EventDate "2011.09.25"]
[EventType "team-tourn"]
[EventRounds "9"]
[EventCountry "GER"]
[SourceTitle "EXT 2013"]
[Source "ChessBase"]
[SourceDate "2012.11.22"]
[SourceVersion "1"]
[SourceVersionDate "2012.11.22"]
[SourceQuality "1"]
[WhiteTeam "Dettingen"]
[BlackTeam "Hofheim II"]
[WhiteTeamCountry "GER"]
[BlackTeamCountry "GER"]

1. c4 e6 2. g3 Nf6 3. Bg2 d5 4. Nf3 Be7 5. 0-0 0-0 6. b3 b6 7. Bb2 Bb7 8. e3 c5 9. Nc3 Na6 10. Ne5 Nc7 11. Qe2 Nd7 12. d4 Nxe5 13. dxe5 Qc8 14. cxd5 exd5 15. Rfd1 Qe6 16. Rd2 f6 17. Rad1 Rad8 18. exf6 Bxf6 19. Nxd5 Rxd5 20. Bxd5 Bxd5 21. Bxf6 Rxf6 22. Qh5 g6 23. Qg5 h6 24. Qxh6 Qe4 25. Rxd5 Nxd5 26. Qg5 Rd6 27. Qh4 Qf3 28. Rf1 Rf6 29. Qc4 Kg7 30. Qd3 Nb4 31. Qd2 Nc6 32. Qd7+ Rf7 33. Qd6 Kh6 34. h4 Ne7 35. Qe5 Kh7 36. h5 gxh5 37. Qe6 Rg7 38. Qh3 Nf5 39. Qg2 Qe2 40. Qh3 Rg5 41. e4 Qxe4 42. Rd1 Kh6 43. Qh1 Qe2 44. Qd5 Nd4 45. Qd6+ Kh7 46. Qd7+ Rg7 0-1

[Event "Wiesbaden op 23rd"]
[Site "Wiesbaden"]
[Date "2011.08.28"]
[Round "7"]
[White "Sarkoezy, Benjamin"]
[Black "Will, Patrick"]
[Result "1-0"]
[WhiteElo "1944"]
[BlackElo "2021"]
[PlyCount "97"]
[EventDate "2011.08.25"]
[EventType "swiss"]
[EventRounds "7"]
[EventCountry "GER"]
[SourceTitle "CBM 144 Extra"]
[Source "ChessBase"]
[SourceDate "2011.10.28"]
[SourceVersion "1"]
[SourceVersionDate "2011.10.28"]
[SourceQuality "1"]

1. c4 Nf6 2. g3 g6 3. Bg2 Bg7 4. Nf3 d6 5. d4 0-0 6. Nc3 a6 7. 0-0 Nc6 8. e3 Rb8 9. Nd2 Bd7 10. b3 b5 11. cxb5 axb5 12. Bb2 b4 13. Ne2 Na7 14. Qc2 c6 15. Rfc1 Qb6 16. Nf4 Rfc8 17. e4 Nb5 18. Nc4 Qa7 19. Qd2 Ne8 20. e5 d5 21. Ne3 Nbc7 22. a4 Bh6 23. Nd3 Na6 24. f4 Ng7 25. Nf2 Nf5 26. Nfg4 Bf8 27. Nxf5 Bxf5 28. Ne3 Bd7 29. f5 Bh6 30. e6 fxe6 31. fxg6 hxg6 32. Qd3 Kh7 33. Ng4 Bg7 34. Re1 c5 35. Re5 Bxe5 36. Nxe5 Rg8 37. Rf1 Be8 38. Rf4 Rg7 39. Rh4+ Kg8 40. Bh3 Nc7 41. Qe3 g5 42. Rg4 Bf7 43. Rxg5 Ne8 44. Qf4 Rxg5 45. Qxf7+ Kh8 46. Qf8+ Kh7 47. Nf7 Nf6 48. Nxg5+ Kg6 49. Qf7+ 1-0

[Event "Karl Mala Memorial op 14th"]
[Site "Frankfurt"]
[Date "2011.07.09"]
[Round "5"]
[White "Kues, Jarl Hendrik"]
[Black "Sarkoezy, Benjamin"]
[Result "1-0"]
[WhiteElo "2170"]
[BlackElo "1944"]
[PlyCount "63"]
[EventDate "2011.07.07"]
[EventType "swiss"]
[EventRounds "7"]
[EventCountry "GER"]
[SourceTitle "EXT 2012"]
[Source "ChessBase"]
[SourceDate "2011.11.24"]
[SourceVersion "1"]
[SourceVersionDate "2011.11.24"]
[SourceQuality "1"]

1. c4 c5 2. g3 Nc6 3. Bg2 g6 4. Nc3 Bg7 5. a3 d6 6. Rb1 a5 7. d3 e5 8. e4 Nge7 9. Nge2 0-0 10. 0-0 h6 11. Bd2 Kh7 12. Nd5 f5 13. Nec3 g5 14. exf5 Bxf5 15. Be3 Nxd5 16. Nxd5 Re8 17. b4 axb4 18. axb4 Nd4 19. bxc5 dxc5 20. Bxd4 exd4 21. Rb5 Rf8 22. Re1 Rf7 23. Be4 Bxe4 24. Rxe4 Qd7 25. Qe2 Raf8 26. f4 Qh3 27. Rb1 b5 28. Rxb5 Ra7 29. Rb1 Rfa8 30. Re8 Rxe8 31. Qxe8 Ra2 32. Qe4+ 1-0